| 000 | 00999nam a2200253 u 4500 | ||
|---|---|---|---|
| 001 | 000061951 | ||
| 005 | 20200120224139.0 | ||
| 008 | 140708s ck a gr| 000 0 spa d | ||
| 041 | 0 | _aNspa | |
| 043 | _ac-k---- | ||
| 082 | 0 | 4 |
_a336.271 _bC65 _221 |
| 110 | 2 |
_aColombia _bMinisterio de Hacienda y Crédito Público |
|
| 245 | 1 | 0 |
_aSobretasa a la gasolina y al ACPM : _blegislación, conceptos y estadísticas / _cColombia; Ministerio de Hacienda y Crédito Público. |
| 250 | _a1a. ed. | ||
| 260 |
_aBogotá : _bMinisterio de Hacienda y Crédito Público, _c[s.f]. |
||
| 300 |
_a136 p. : _bil. ; _e28 CM. |
||
| 490 | 0 | _aCompendio de orientaciones generales para la gestión territorial | |
| 500 | _aIncluye índice | ||
| 610 | 1 | 7 |
_aColombia _bMinisterio de Hacienda y Crédito Público |
| 650 | 1 | 7 |
_aGasolina _xPrecios _zColombia _2LEMB |
| 650 | 2 | 7 |
_aCombustibles _xPrecios _zColombia _2LEMB |
| 650 | 2 | 7 |
_aCombustibles _xImpuestos _zColombia _2LEMB |
| 710 | 2 | _aMinisterio de Hacienda y Crédito Público | |
| 999 |
_c8213 _d8213 |
||